000 00355nam a2200133Ia 4500
008 210210b1982 xxu||||| |||| 00| 0 eng d
082 _a320.3 KHAC
100 _aKHANNA (V N).
245 _aComparative study of Govt and politics.
260 _aND
_bR Chand & Co.
_c1982
300 _aviii,216-104
690 _aComparative Governments
906 _aSG01946
999 _c113055
_d113055